Statistics for NFL Offensive Starters 2023

Click here to take the quiz!

General Stats

  • This quiz has been taken 396 times
  • The average score is 104 of 128

Answer Stats

TeamPositionPlayer% Correct
49ersQBBrock Purdy
99%
49ersWRDeebo Samuel
98%
ChargersQBJustin Herbert
98%
BearsRBKhalil Herbert
98%
49ersRBChristian McCaffrey
97%
JetsWRGarrett Wilson
97%
BengalsQBJoe Burrow
97%
BillsQBJosh Allen
97%
BearsQBJustin Fields
97%
ChargersWRKeenan Allen
97%
BroncosQBRussell Wilson
97%
EaglesWRA.J. Brown
96%
LionsWRAmon-Ra St. Brown
96%
BrownsQBDeshaun Watson
96%
BrownsWRDonovan Peoples-Jones
96%
BengalsWRJa'Marr Chase
96%
CardinalsWRMarquise Brown
96%
ChiefsQBPatrick Mahomes
96%
BillsWRStefon Diggs
96%
PackersRBAaron Jones
95%
JaguarsWRChristian Kirk/Zay Jones
95%
GiantsQBDaniel Jones
95%
LionsWRJosh Reynolds/Marvin Jones Jr.
95%
PatriotsQBMac Jones
95%
EaglesWRDevonta Smith
94%
SeahawksQBGeno Smith
94%
PatriotsWRJuJu Smith-Schuster
94%
BuccaneersQBBaker Mayfield
93%
CommandersWRCurtis Samuel
93%
CowboysQBDak Prescott
93%
BearsWRDJ Moore
93%
BengalsRBJoe Mixon
93%
BuccaneersWRMike Evans
93%
CardinalsWRRondale Moore
93%
BengalsWRTee Higgins/Tyler Boyd
93%
DolphinsQBTua Tagovailoa
93%
DolphinsWRTyreek Hill
93%
JetsQBAaron Rodgers
92%
EaglesQBJalen Hurts
92%
BillsRBJames Cook
92%
BrownsRBNick Chubb
92%
49ersWRBrandon Aiyuk
91%
LionsQBJared Goff
91%
JaguarsQBTrevor Lawrence
91%
PanthersQBBryce Young
90%
CowboysWRCeeDee Lamb
90%
ColtsRBDeon Jackson
90%
DolphinsWRJaylen Waddle
90%
PackersQBJordan Love
90%
RavensQBLamar Jackson
90%
RamsQBMatthew Stafford
90%
BrownsWRAmari Cooper
89%
RaidersWRDavante Adams
89%
BillsWRGabriel Davis
89%
SaintsRBJamaal Williams
89%
BroncosRBJavonte Williams
89%
VikingsQBKirk Cousins
89%
ChargersWRMike Williams
89%
GiantsRBSaquon Barkley
89%
ColtsQBAnthony Richardson
88%
CommandersRBAntonio Gibson/Brian Robinson
88%
SaintsQBDerek Carr
88%
VikingsWRJustin Jefferson
88%
RamsWRVan Jefferson
88%
ChargersRBAustin Ekeler
87%
TexansQBC.J. Stroud
87%
CowboysRBTony Pollard
87%
FalconsRBBijan Robinson
86%
TitansRBDerrick Henry
86%
FalconsQBDesmond Ridder
86%
SeahawksWRDK Metcalf
86%
RaidersQBJimmy Garoppolo
86%
RaidersRBJosh Jacobs
86%
SteelersQBKenny Pickett
86%
BuccaneersWRChris Godwin
85%
DolphinsRBRaheem Mostert
85%
TitansQBRyan Tannehill
85%
CommandersQBSam Howell
85%
CardinalsQBJosh Dobbs
83%
JetsRBBreece Hall
82%
BroncosWRCourtland Sutton
82%
LionsRBDavid Montgomery
82%
ChiefsRBIsiah Pacheco
82%
ColtsWRMichael Pittman Jr.
82%
SteelersRBNajee Harris
81%
SteelersWRDiontae Johnson
80%
SeahawksWRTyler Lockett
80%
FalconsWRDrake London
78%
SteelersWRGeorge Pickens
78%
RavensWROdell Beckham Jr.
78%
CommandersWRTerry McLaurin
78%
JaguarsRBTravis Etienne Jr.
78%
PanthersWRAdam Thielen
77%
SeahawksRBKenneth Walker III
77%
RavensWRRashod Bateman/Zay Flowers
77%
JaguarsWRCalvin Ridley
76%
CardinalsRBJames Conner
76%
SaintsWR
Chris Olave
75%
TitansWRDeAndre Hopkins
74%
SaintsWRMichael Thomas
74%
BuccaneersRBRachaad White
74%
PanthersRBMiles Sanders
72%
PatriotsRBRhamondre Stevenson
71%
ColtsWRAlec Pierce/Josh Downs
70%
CowboysWRBrandin Cooks
70%
ChiefsWRKadarius Toney
70%
RamsWRTutu Atwell/Puka Nacua
70%
VikingsWRJordan Addison/K.J. Osborn
68%
RavensRBJ.K. Dobbins
67%
RamsRBCam Akers
64%
TexansWRNico Collins
64%
TexansRBDameon Pierce
63%
VikingsRBAlexander Mattison
62%
JetsWRAllen Lazard
60%
ChiefsWRMarquez Valdes-Scantling
60%
PackersWRRomeo Doubs
57%
GiantsWRDarius Slayton/Isaiah Hodgins
52%
EaglesRBKenneth Gainwell
51%
BearsWRChase Claypool
46%
PackersWRJayden Reed/Malik Heath
46%
TitansWRTreylon Burks
43%
TexansWRRobert Woods
40%
PatriotsWRKendrick Bourne
39%
PanthersWRTerrace Marshall Jr./Jonathan Mingo
36%
FalconsWRMack Hollins
25%
RaidersWRJakobi Myers
21%
GiantsWRParris Campbell
19%
BroncosWRLil'Jordan Humphrey
6%

Score Distribution

Percentile by Number Answered

Percent of People with Each Score

Your Score History

You have not taken this quiz